<?xml version="1.0" encoding="UTF-8"?>
<record
    xmlns:xsi="http://www.w3.org/2001/XMLSchema-instance"
    xsi:schemaLocation="http://www.loc.gov/MARC21/slim http://www.loc.gov/standards/marcxml/schema/MARC21slim.xsd"
    xmlns="http://www.loc.gov/MARC21/slim">

  <leader>00458nam a22001457a 4500</leader>
  <datafield tag="999" ind1=" " ind2=" ">
    <subfield code="c">7808</subfield>
    <subfield code="d">7808</subfield>
  </datafield>
  <controlfield tag="005">20231031133750.0</controlfield>
  <controlfield tag="008">231031b           ||||| |||| 00| 0 eng d</controlfield>
  <datafield tag="020" ind1=" " ind2=" ">
    <subfield code="a">9788429781458</subfield>
  </datafield>
  <datafield tag="040" ind1=" " ind2=" ">
    <subfield code="a">CDMR</subfield>
  </datafield>
  <datafield tag="100" ind1=" " ind2=" ">
    <subfield code="9">4901</subfield>
    <subfield code="a">Escribano, Francesc</subfield>
  </datafield>
  <datafield tag="245" ind1=" " ind2=" ">
    <subfield code="a">La terra i les cendres </subfield>
    <subfield code="b">: Brasil: viatge al cor del pa&#xED;s de Lula, Bolsonaro i Casald&#xE0;liga </subfield>
    <subfield code="c">/ Francesc Escribano</subfield>
  </datafield>
  <datafield tag="260" ind1=" " ind2=" ">
    <subfield code="a">Barcelona : </subfield>
    <subfield code="b">Edicions 62, </subfield>
    <subfield code="c">2023</subfield>
  </datafield>
  <datafield tag="300" ind1=" " ind2=" ">
    <subfield code="a">236 p.</subfield>
  </datafield>
  <datafield tag="942" ind1=" " ind2=" ">
    <subfield code="2">udc</subfield>
    <subfield code="c">MON</subfield>
  </datafield>
  <datafield tag="952" ind1=" " ind2=" ">
    <subfield code="0">0</subfield>
    <subfield code="1">0</subfield>
    <subfield code="2">udc</subfield>
    <subfield code="4">0</subfield>
    <subfield code="7">0</subfield>
    <subfield code="a">CDMR</subfield>
    <subfield code="b">CDMR</subfield>
    <subfield code="d">2023-10-31</subfield>
    <subfield code="e">Donaci&#xF3;</subfield>
    <subfield code="g">19.90</subfield>
    <subfield code="l">1</subfield>
    <subfield code="o">Dj /156</subfield>
    <subfield code="p">CDMR23100029</subfield>
    <subfield code="r">2024-04-30</subfield>
    <subfield code="s">2024-04-11</subfield>
    <subfield code="w">2023-10-31</subfield>
    <subfield code="y">MON</subfield>
  </datafield>
</record>
